Japanese lacquer, 1600-1900 : (Record no. 20814)

000 -LEADER
fixed length control field 01240cam a2200301 i 4500
001 - CONTROL NUMBER
control field 409823
005 - DATE AND TIME OF LATEST TRANSACTION
control field 20170120142158.0
008 - FIXED-LENGTH DATA ELEMENTS--GENERAL INFORMATION
fixed length control field 800617s1980 nyua bc 001 0 eng
010 ## - LIBRARY OF CONGRESS CONTROL NUMBER
LC control number 80018588
020 ## - INTERNATIONAL STANDARD BOOK NUMBER
International Standard Book Number 0870992473 (pbk.)
040 ## - CATALOGING SOURCE
Original cataloging agency DLC
Transcribing agency DLC
Modifying agency DLC
043 ## - GEOGRAPHIC AREA CODE
Geographic area code a-ja---
-- n-us---
050 00 - LIBRARY OF CONGRESS CALL NUMBER
Classification number NK9900.7
Item number .J3P44 1980
100 1# - MAIN ENTRY--PERSONAL NAME
Personal name Pekarik, Andrew.
245 10 - TITLE STATEMENT
Title Japanese lacquer, 1600-1900 :
Remainder of title selections from the Charles A. Greenfield collection /
Statement of responsibility, etc. Andrew J. Pekarik.
260 ## - PUBLICATION, DISTRIBUTION, ETC. (IMPRINT)
Place of publication, distribution, etc. New York :
Name of publisher, distributor, etc. Metropolitan Museum of Art,
Date of publication, distribution, etc. c1980.
300 ## - PHYSICAL DESCRIPTION
Extent 146 p. :
Other physical details ill. (some col.) ;
Dimensions 24 x 29 cm.
500 ## - GENERAL NOTE
General note "Catalogue of an exhibition of selections from the Charles A. Greenfield collection, shown at the Metropolitan Museum of Art, September 4-October 19, 1980."
500 ## - GENERAL NOTE
General note Includes index.
504 ## - BIBLIOGRAPHY, ETC. NOTE
Bibliography, etc Bibliography: p. 139-141.
600 10 - SUBJECT ADDED ENTRY--PERSONAL NAME
Personal name Greenfield, Charles A.
General subdivision Art collections
-- Exhibitions.
650 #0 - SUBJECT ADDED ENTRY--TOPICAL TERM
Topical term or geographic name as entry element Lacquer and lacquering
Geographic subdivision Japan
General subdivision Exhibitions.
710 2# - ADDED ENTRY--CORPORATE NAME
Corporate name or jurisdiction name as entry element Metropolitan Museum of Art (New York, N.Y.)
942 ## - ADDED ENTRY ELEMENTS (KOHA)
Source of classification or shelving scheme
Koha item type Hard Covered Materials
Classification part NK9900.7 .J3P44 1980
Holdings
Withdrawn status Lost status Source of classification or shelving scheme Damaged status Not for loan Home library Current library Shelving location Date acquired Source of acquisition Total Checkouts Full call number Barcode Date last seen Price effective from Koha item type
          MACHAKOS UNIVERSITY LIBRARY MACHAKOS UNIVERSITY LIBRARY Open shelf 20/01/2017 Donation(BFA)   NK9900.7 .J3P44 1980 31078 20/01/2017 20/01/2017 Hard Covered Materials
© Machakos University Library, Along The Highway, Machakos Wote Rd, Machakos, Kenya P.O. Box 136 - 90100 Machakos - Kenya

Tel: ( +254 ) 723 805829 OR Fax : 044-20353 OR Email: library@mksu.ac.ke